Calciatori e Anno di nascita - Quiz n°27 - Statistics

Statistiche generali
  • Questo quiz è stato fatto 31 volte
  • Il punteggio medio è 5 su 10
Statistiche sulle risposte
Hint Risposta % Corretto
Giacomo Raspadori 2000
74%
Edinson Cavani 1987
71%
Aymeric Laporte 1994
65%
Antonio Mirante 1983
48%
Danilo 1991
48%
Jefferson Farfán 1984
39%
Asier Illarramendi 1990
35%
Casemiro 1992
35%
Diego Demme 1991
26%
Mario Rui 1991
23%
Nessun quiz corrispondente trovato
Distribuzione punteggi
Percentuale di utenti per punteggio
Percentile per numero di risposta
I tuoi punteggi nel tempo
Non hai fatto questo quiz